EL PENSAMIENTO DE SOCRATES (Registro nro. 43682)
[ vista simple ]
| 000 -LEADER | |
|---|---|
| fixed length control field | 01107nam a2200217 a 4500 |
| 001 - CONTROL NUMBER | |
| control field | 43682 |
| 005 - DATE AND TIME OF LATEST TRANSACTION | |
| control field | 20180714022301.0 |
| 008 - FIXED-LENGTH DATA ELEMENTS--GENERAL INFORMATION | |
| fixed length control field | 140415s1975 mx 000 0 spa d |
| 041 ## - LANGUAGE CODE | |
| Language code of text/sound track or separate title | spa |
| 082 ## - DEWEY DECIMAL CLASSIFICATION NUMBER | |
| Classification number | 183 |
| Item number | TAY |
| 100 1# - MAIN ENTRY--PERSONAL NAME | |
| Personal name | TAYLOR, A. E. |
| 245 13 - TITLE STATEMENT | |
| Title | EL PENSAMIENTO DE SOCRATES |
| 250 ## - EDITION STATEMENT | |
| Edition statement | 1a ed. |
| 260 ## - PUBLICATION, DISTRIBUTION, ETC. | |
| Place of publication, distribution, etc. | MEXICO : |
| Name of publisher, distributor, etc. | FONDO DE CULTURA ECONOMICA, |
| Date of publication, distribution, etc. | 1975 |
| 300 ## - PHYSICAL DESCRIPTION | |
| Extent | 151 |
| Dimensions | x 10.5 x 17.3 |
| 490 ## - SERIES STATEMENT | |
| Series statement | BREVIARIOS DEL FONDO DE CULTURA ECONOMICA |
| 520 ## - SUMMARY, ETC. | |
| Summary, etc. | LA VIDA DE UN GRAN HOMBRE, PARTICULARMENTE LA DE AQUELLOS QUE PERTENECEN A UNA ÉPOCA REMOTA,JAMÁS PUEDE SER UN MERO REGISTRO DE HECHOS INDISCUTIBLES. POR ELLO, LA TAREA DEL BIÓGRAFO ES IR MÁS ALLÁ DE LOS SIMPLES ACONTECIMIENTOS,HASTA LLEGAR AL PROPÓSITO Y CARÁCTER QUE ENCUBREN, SU TAREA ES INTERPRETAR LOS HECHOS MEDIANTE UN ESFUERZO DE LA IMAGINACIÓN. TAL ES, JUSTAMENTE, LO QUE A. E. TAYLOR HIZO EN ESTE LIBRO QUE SU MODESTIA LLAMÓ ESBOZO SIN PRETENSIONES. BASADO EN UN PROFUNDO CONO |
| 650 14 - SUBJECT ADDED ENTRY--TOPICAL TERM | |
| Topical term or geographic name entry element | FILOSOFIA CLASICA |
| General subdivision | FILOSOFOS GRIEGOS |
| 700 1# - ADDED ENTRY--PERSONAL NAME | |
| Personal name | HERNÁNDEZ BARROSO, MATEO |
| Relator term | tr. |
| 740 ## - ADDED ENTRY--UNCONTROLLED RELATED/ANALYTICAL TITLE | |
| Uncontrolled related/analytical title | socrates |
| Withdrawn status | Lost status | Source of classification or shelving scheme | Damaged status | Not for loan | Collection code | Home library | Current library | Shelving location | Date acquired | Source of acquisition | Inventory number | Total Checkouts | Total Renewals | Full call number | Barcode | Date last seen | Date last checked out | Price effective from | Koha item type |
|---|---|---|---|---|---|---|---|---|---|---|---|---|---|---|---|---|---|---|---|
| Dewey Decimal Classification | General | Biblioteca Karol Wojtyla | Biblioteca Karol Wojtyla | Sala general | 03/12/2013 | Compra | 151000000000000000062864 | 5 | 2 | 183 TAY | 65685 | 05/01/2026 | 26/02/2024 | 03/12/2013 | Libro |